[Event "Wloclawek-ch"]
[Site "Wloclawek"]
[Date "2016.??.??"]
[Round "8"]
[White "Chojnicki, Edward"]
[Black "Czekalski, Pawel"]
[Result "1/2-1/2"]
[WhiteElo "1800"]
[BlackElo "1296"]
[PlyCount "110"]
[EventDate "2016.09.??"]
[EventType "swiss"]
[EventRounds "9"]
[EventCountry "POL"]
[SourceTitle "EXT 2021"]
[Source "ChessBase"]
[SourceDate "2020.10.23"]
[SourceVersion "1"]
[SourceVersionDate "2020.10.23"]
[SourceQuality "1"]

1. e4 Nc6 2. Nf3 e6 3. d4 d5 4. e5 a6 5. a3 b5 6. Bd3 Nge7 7. b4 Nf5 8. Bxf5 exf5 9. 0-0 Bb7 10. Re1 Ne7 11. e6 f6 12. Nh4 Qd6 13. g3 0-0-0 14. Qd3 g6 15. Qc3 g5 16. Ng2 h5 17. h4 Bh6 18. Qc5 f4 19. Qxd6 cxd6 20. gxf4 gxf4 21. Bxf4 Bxf4 22. Nxf4 Rhg8+ 23. Kf1 Rg4 24. Nxh5 Rf8 25. Nc3 Nf5 26. Ng3 Nxg3+ 27. fxg3 Rxg3 28. a4 Rxc3 29. axb5 Rxc2 30. bxa6 Ba8 31. Rac1 Rxc1 32. Rxc1+ Kd8 33. b5 Re8 34. Re1 Kc7 35. e7 Kb6 36. Re6 Kxb5 37. Ke2 Kc4 38. Ke3 f5 39. h5 f4+ 40. Kxf4 Kxd4 41. Kf5 Kc5 42. Kf6 Bc6 43. a7 d4 44. h6 d3 45. Re1 Kd4 46. Re6 Kc5 47. Re1 Kd4 48. h7 d2 49. Rd1 Kd3 50. Ra1 Ke2 51. a8Q Rxa8 52. Rxa8 d1Q 53. e8Q+ Bxe8 54. Rxe8+ Kf1 55. h8Q Qd4+ 1/2-1/2

[Event "Wloclawek-ch"]
[Site "Wloclawek"]
[Date "2016.??.??"]
[Round "9"]
[White "Jeziorny, Janusz"]
[Black "Chojnicki, Edward"]
[Result "1-0"]
[WhiteElo "1797"]
[BlackElo "1800"]
[PlyCount "45"]
[EventDate "2016.09.??"]
[EventType "swiss"]
[EventRounds "9"]
[EventCountry "POL"]
[SourceTitle "EXT 2021"]
[Source "ChessBase"]
[SourceDate "2020.10.23"]
[SourceVersion "1"]
[SourceVersionDate "2020.10.23"]
[SourceQuality "1"]

1. e4 e5 2. Nf3 Nc6 3. Bb5 Bc5 4. 0-0 a6 5. Bxc6 dxc6 6. Nxe5 Qf6 7. d4 Bb6 8. Be3 Bd7 9. Nxd7 Kxd7 10. Qg4+ Ke7 11. Bg5 Bxd4 12. e5 Bxe5 13. Bxf6+ gxf6 14. Qg7 Ke6 15. Qxh8 Bxb2 16. Re1+ Kd6 17. Nd2 Bxa1 18. Rxa1 Re8 19. Nb3 Kd7 20. Qxh7 Ke7 21. Re1+ Kf8 22. Rxe8+ Kxe8 23. Qxg8+ 1-0